Applied nonparametric statistical methods / (Record no. 52561)

MARC details
000 -LEADER
fixed length control field 00687nam a2200241Ia 4500
005 - DATE AND TIME OF LATEST TRANSACTION
control field 20260429112136.0
008 - FIXED-LENGTH DATA ELEMENTS--GENERAL INFORMATION
fixed length control field 260429s9999||||xx |||||||||||||| ||und||
020 ## - INTERNATIONAL STANDARD BOOK NUMBER
International Standard Book Number 9780367344894
041 ## - LANGUAGE CODE
Language English
082 ## - DEWEY DECIMAL CLASSIFICATION NUMBER
Classification number 519.54
Item number SME
100 ## - MAIN ENTRY--PERSONAL NAME
Personal name Smeeton, Nigel C.
245 #0 - TITLE STATEMENT
Title Applied nonparametric statistical methods /
Statement of responsibility, etc Nigel C. Smeeton
250 ## - EDITION STATEMENT
Edition statement 5th ed.
260 ## - PUBLICATION, DISTRIBUTION, ETC. (IMPRINT)
Place of publication, distribution, etc Boca Raton :
Name of publisher, distributor, etc CRC Press,
Date of publication, distribution, etc 2025.
300 ## - PHYSICAL DESCRIPTION
Extent xiv, 461 p.; hb
440 ## - SERIES STATEMENT/ADDED ENTRY--TITLE
Title Chapman & Hall/CRC texts in statistical science
650 ## - SUBJECT ADDED ENTRY--TOPICAL TERM
Topical term or geographic name as entry element Nonparametric
650 ## - SUBJECT ADDED ENTRY--TOPICAL TERM
Topical term or geographic name as entry element Statistical methods
700 ## - ADDED ENTRY--PERSONAL NAME
Personal name Spencer, Neil H.
700 ## - ADDED ENTRY--PERSONAL NAME
Personal name Sprent, Peter
700 ## - ADDED ENTRY--PERSONAL NAME
Personal name Blitzein, Joseph K
942 ## - ADDED ENTRY ELEMENTS (KOHA)
Koha item type Text Books
Holdings
Withdrawn status Lost status Damaged status Not for loan Collection code Home library Location Shelving location Date of Cataloging Source of acquisition Total Checkouts Full call number Barcode Date last seen Price effective from Koha item type
        Non-fiction CUTN Central Library CUTN Central Library Sciences 29/04/2026 TBH Library Book Suppliers, Chennai - Invoice No. SINV00733 on 09-02-2026   519.54 SME 57664 29/04/2026 29/04/2026 Text Books